000 00602nam a2200205 a 4500
005 20140412111301.0
008 010326s19uu xx 00 eng d
020 _a0-02-737325-8
050 _aER
_bRa11 1992
100 _aGretz, Susanna
245 _aRabbit rambles on /
_cSusanna Gretz.
250 _a1st American Ed.
260 _aNew York :
_bFour Winds Press,
_c1992.
300 _a1 v. (unp.) ; ill.
520 _aDuck and Frog decide to teach boastful Rabbit a lesson.
650 _aHonesty - Fiction
650 _aAnimals - Fiction
650 _aFriendship - Fiction
999 _c103419
_d103419